000 00264nam a2200109Ia 4500
008 200302s9999 xx 000 0 und d
100 _aCharles Jencks
245 _aWhat is Post-Modernism?
260 _bAcdemy Editions Group LTd.
260 _c1987
300 _a56 P.,
999 _c1792
_d1792